02230cam a2200421 i 4500001001400000003000800014005001700022006001900039007001500058008004100073020003800114040003500152049002600187050000900213082002100222245011200243246006300355246004700418264005900465300005700524336002100581336002800602337002300630338003200653504005100685520057700736521001701313588009401330650006301424655002901487700003301516700003101549710001601580776003501596856014201631942001601773999001901789EDZ0000988989StDuBDS20161031105257.0m||||||||d||||||||cr |||||||||||141203s2015 caua fob 001|0|eng|d a9781483346373 (ebook) :cNo price aStDuBDSbengcStDuBDSerdaepn aAlfaisal Main Library 4aE18504a305.8960730322304aThe SAGE encyclopedia of African cultural heritage in North America /cMwalimu J. Shujaa & Kenya J. Shujaa.30aEncyclopedia of African cultural heritage in North America30aAfrican cultural heritage in North America 1aThousand Oaks, California :bSAGE Publications,c2015. a1 online resource :billustrations (black and white) atext2rdacontent astill image2rdacontent acomputer2rdamedia aonline resource2rdacarrier aIncludes bibliographical references and index.8 aOur conceptual framework holds, first, that culture is a form of self-knowledge and knowledge about self in the world as transmitted from one person to another. Second, that African people continuously create their own cultural history. Third, that African descended people living outside of Africa are also contributors to and participate in the creation of African cultural history. This encyclopedia's entries deal with both traditions traceable to an African origin and ongoing practices and processes through which African culture continues to be created and formed. aSpecialized. aDescription based on online resource; title from home page (viewed on November 12, 2015). 0aAfrican AmericansxSocial life and customsvEncyclopedias. 7aElectronic books.2local1 aShujaa, Mwalimu J.,eeditor.1 aShujaa, Kenya J.,eeditor.2 aSage eBooks08iPrint version :z978145225821840uhttp://ezproxy.alfaisal.edu/login?url=http://sk.sagepub.com/reference/the-sage-encyclopedia-of-african-cultural-heritage-in-north-america 2lcccEBOOKS c483287d483287